00508 2200193 4500001002100000005001800021008004100039020001800080035002400098090002500122100002400147245002600171250001100197260003100208300002700239650001800266850001500284999001500299YOGYA-0211000000126520110202084451303 ind  a979-497-416-1 0010-021100000001265 aDEP 784.769922 Sin S aSindhunata SJ, G. P aSumur kitiran kencana aCet. 1 aYogyakartabKanisiusc1995 a180 hlm.: ilus.; 21 cm aNyanyian Jawa aYOPDYOG[B] a97D0026690